| 000 | 00440nam a2200133Ia 4500 | ||
|---|---|---|---|
| 999 |
_c12700 _d12700 |
||
| 082 | _aRR 808.882 DIC; | ||
| 245 | 0 | _aDictionary of quotations from authors old & new together with an alphabet of proverbs | |
| 260 |
_aLondon _bJ.M. Dent Publications _c0 |
||
| 300 | _a2v. | ||
| 500 | _aContents: Vol.1.(xv,380p.) - v.2.(425p.) | ||
| 650 | _aQuotations, English - Dictionaries | ||
| 650 | _aProverbs, English - Dictionaries | ||
| 942 |
_cBK _2ddc |
||